LIBRARY & INFORMATION CENTRE, KCAET, TAVANUR

ONLINE PUBLIC ACCESS CATALOGUE (OPAC)

Sabdam / (Record no. 6210)

MARC details
000 -LEADER
fixed length control field 00514cam a2200217ua 4500
041 ## - LANGUAGE CODE
Language code of text/sound track or separate title mal
082 ## - DEWEY DECIMAL CLASSIFICATION NUMBER
Classification number 534
Item number HAR/SA
100 ## - MAIN ENTRY--AUTHOR NAME
Personal name Hariharan, S .
245 ## - TITLE STATEMENT
Title Sabdam /
250 ## - EDITION STATEMENT
Edition statement 1 /
260 ## - PUBLICATION, DISTRIBUTION, ETC. (IMPRINT)
Place of publication Thiruvananthapuram :
Name of publisher State Instititute of Languages ,
Year of publication 1973.
300 ## - PHYSICAL DESCRIPTION
Number of Pages 256 ; .
942 ## - ADDED ENTRY ELEMENTS (KOHA)
Koha item type Books
Holdings
Withdrawn status Lost status Damaged status Home library Current library Date acquired Full call number Accession Number Koha item type
      KAUAET KAUAET 07/04/2012 534 14330 Books
      KAUAET KAUAET 07/04/2012 534 14331 Books
      KAUAET KAUAET 07/04/2012 534 14332 Books
      KAUAET KAUAET 07/04/2012 534 14329 Books
      KAUAET KAUAET 17/11/2023 534 HAR/SA 14328 Books
free website counter